000
00482nam a2200169Ia 4500
008
090711s9999 xx 000 0 und d
082
_b
71195
100
_a
गांगल वसंत
245
_a
मन पिसाटमाझे
260
_c
1990
300
_a
324
600
_a
गांगल वसंत
630
_a
मन पिसाटमाझे
700
_a
गांगल वसंत
730
_a
मन पिसाटमाझे
942
_c
BOOK
999
_c
304087
_d
304087